| 000 | 00995nam a2200313 a 4500 | ||
|---|---|---|---|
| 999 |
_c7503 _d7503 |
||
| 001 | 991042365829706706 | ||
| 003 | OSt | ||
| 005 | 20211203135736.0 | ||
| 008 | 980209s1997 spco || 000 ||spa | ||
| 015 |
_aLL1998 _2bnc |
||
| 017 |
_aDL B. 46263-1996 _bBiblioteca de Catalunya |
||
| 020 | _a8401375754 | ||
| 035 | _a(ES-BaCBU)b21140923-34csuc_network | ||
| 035 | _a(ES-BaCBU).b21140923 | ||
| 035 | _a(ccuc001)b21140923 | ||
| 040 |
_aES-BaBC _bcat _cCDMR |
||
| 080 | _a929Joan Pau II, Papa | ||
| 100 | 1 | _aGómez Borrero, Paloma. | |
| 245 | 1 | 0 |
_aJuan Pablo, amigo : _bla vida cotidiana en el Vaticano / _cPaloma Gómez Borrero |
| 250 | _a4a ed. | ||
| 260 |
_aBarcelona : _bPlaza & Janés, _c1997 |
||
| 300 |
_a231 p., 16 p. de làm. : _bil. ; _c22 cm |
||
| 490 | 1 | _aLos Libros de fax press / Manuel Leguineche | |
| 830 | 0 | _aLibros de fax press | |
| 907 |
_a.b21140923 _b15-02-21 _c07-05-08 _d07-05-08 _em _fa _g- _hspa _ispc _j0 _k1 |
||
| 908 | _aBC | ||
| 940 | _aBC | ||
| 942 |
_2udc _cMON |
||